[Event "Torneo Aficionados Sub-2000 Utiel"]
[Site "Utiel, Spain"]
[Date "2018.08.26"]
[Round "1.1"]
[White "Sanchez Diaz, Julio"]
[Black "Capella Gimenez, Jose M"]
[Result "0-1"]
[WhiteElo "1653"]
[BlackElo "1997"]
[PlyCount "50"]
[EventDate "2018.??.??"]

1. e4 {[%clk 00:07:04]  [%emt 00:00:03]} 1... g6 {[%clk 00:07:05]} 2. Nf3 {
[%clk 00:07:00]  [%emt 00:00:07]} 2... Bg7 {[%clk 00:07:07]} 3. d4 {
[%clk 00:06:58]  [%emt 00:00:10]} 3... c6 {[%clk 00:07:09]} 4. c3 {
[%clk 00:06:59]} 4... d5 {[%clk 00:07:10]  [%emt 00:00:03]} 5. e5 {
[%clk 00:06:59]  [%emt 00:00:07]} 5... Bg4 {[%clk 00:07:11]} 6. Be2 {
[%clk 00:07:01]  [%emt 00:00:03]} 6... e6 {[%clk 00:07:13]} 7. O-O {
[%clk 00:07:00]} 7... c5 {[%clk 00:06:32]  [%emt 00:00:41]} 8. h3 {
[%clk 00:07:02]  [%emt 00:00:05]} 8... Bxf3 {[%clk 00:06:33]} 9. Bxf3 {
[%clk 00:07:04]} 9... cxd4 {[%emt 00:00:04]} 10. cxd4 Nc6 {
[%clk 00:06:32]  [%emt 00:00:04]} 11. Be3 {[%clk 00:06:55]  [%emt 00:00:09]}
11... Nge7 {[%clk 00:06:33]  [%emt 00:00:08]} 12. Nc3 {
[%clk 00:06:46]  [%emt 00:00:06]} 12... Nf5 {[%clk 00:06:25]  [%emt 00:00:26]}
13. Rc1 {[%clk 00:06:32]  [%emt 00:00:11]} 13... O-O {
[%clk 00:05:58]  [%emt 00:00:17]} 14. a3 {[%clk 00:06:27]  [%emt 00:00:12]}
14... Rc8 {[%clk 00:05:47]  [%emt 00:00:21]} 15. Ne2 {
[%clk 00:06:20]  [%emt 00:00:11]} 15... Qb6 {[%clk 00:05:31]  [%emt 00:00:12]}
16. b4 {[%clk 00:06:12]  [%emt 00:00:08]} 16... a5 {
[%clk 00:05:21]  [%emt 00:00:53]} 17. bxa5 {[%clk 00:05:45]  [%emt 00:00:08]}
17... Nxa5 {[%clk 00:05:13]} 18. Qd3 {[%clk 00:05:11]  [%emt 00:00:30]} 18...
Nc4 {[%clk 00:05:06]  [%emt 00:00:17]} 19. g4 {[%clk 00:05:10]} 19... Nfxe3 {
[%clk 00:04:47]  [%emt 00:00:23]} 20. fxe3 {[%clk 00:05:11]  [%emt 00:00:16]}
20... Qa5 {[%clk 00:04:29]  [%emt 00:00:06]} 21. Rc3 {
[%clk 00:05:01]  [%emt 00:00:13]} 21... Bh6 {[%clk 00:04:17]  [%emt 00:00:28]}
22. Nf4 {[%clk 00:04:51]} 22... b5 {[%clk 00:03:55]  [%emt 00:00:26]} 23. Rfc1
{[%clk 00:04:32]  [%emt 00:00:21]} 23... Rc7 {[%clk 00:03:39]  [%emt 00:00:28]}
24. Be2 {[%clk 00:04:05]  [%emt 00:00:18]} 24... Rfc8 {
[%clk 00:03:41]  [%emt 00:00:41]} 25. Kf2 {[%clk 00:03:47]  [%emt 00:00:03]}
25... Nb2 {[%clk 00:03:33]} 0-1

[Event "Torneo Aficionados Sub-2000 Utiel"]
[Site "Utiel, Spain"]
[Date "2018.08.26"]
[Round "1.2"]
[White "Arance Gonzalez, Luis"]
[Black "Gimenez Gonzalez, Luis"]
[Result "1-0"]
[WhiteElo "1990"]
[BlackElo "1644"]
[PlyCount "53"]
[EventDate "2018.??.??"]

1. e4 {[%clk 00:07:03]} 1... c5 {[%clk 00:07:04]  [%emt 00:00:03]} 2. d3 {
[%clk 00:07:04]  [%emt 00:00:03]} 2... d6 {[%clk 00:07:03]  [%emt 00:00:14]} 3.
Nd2 {[%clk 00:07:04]} 3... Nf6 {[%clk 00:07:04]} 4. Ngf3 {
[%clk 00:07:05]  [%emt 00:00:08]} 4... g6 {[%clk 00:07:03]} 5. g3 {
[%clk 00:07:03]  [%emt 00:00:03]} 5... Bg7 {[%clk 00:07:04]} 6. Bg2 {
[%clk 00:07:03]} 6... O-O {[%clk 00:07:04]} 7. O-O {
[%clk 00:06:59]  [%emt 00:00:08]} 7... Nc6 {[%clk 00:07:05]  [%emt 00:00:03]}
8. c3 {[%clk 00:06:56]  [%emt 00:00:13]} 8... Bg4 {
[%clk 00:06:40]  [%emt 00:00:17]} 9. h3 {[%clk 00:06:57]  [%emt 00:00:05]} 9...
Be6 {[%clk 00:06:40]} 10. d4 {[%clk 00:05:57]  [%emt 00:01:03]} 10... cxd4 {
[%clk 00:05:58]  [%emt 00:00:45]} 11. cxd4 {[%clk 00:05:58]  [%emt 00:00:11]}
11... Bd7 {[%clk 00:05:46]  [%emt 00:00:17]} 12. Re1 {
[%clk 00:05:04]  [%emt 00:00:46]} 12... Qc8 {[%clk 00:05:46]  [%emt 00:00:34]}
13. Kh2 {[%clk 00:05:04]} 13... e6 {[%clk 00:05:21]  [%emt 00:00:03]} 14. Nf1 {
[%clk 00:03:39]  [%emt 00:01:27]} 14... Qc7 {[%clk 00:05:19]  [%emt 00:00:08]}
15. Bg5 {[%clk 00:03:39]  [%emt 00:00:08]} 15... Rac8 {
[%clk 00:04:51]  [%emt 00:00:21]} 16. Rc1 {[%clk 00:03:40]  [%emt 00:00:16]}
16... Qa5 {[%clk 00:03:55]  [%emt 00:00:45]} 17. a3 {
[%clk 00:03:41]  [%emt 00:00:15]} 17... Nh5 {[%clk 00:03:28]  [%emt 00:00:17]}
18. g4 {[%clk 00:03:13]  [%emt 00:00:30]} 18... Nf6 {
[%clk 00:03:08]  [%emt 00:00:23]} 19. Ng3 {[%clk 00:03:14]  [%emt 00:00:39]}
19... d5 {[%clk 00:02:54]  [%emt 00:00:04]} 20. e5 {[%clk 00:03:14]} 20... Ne8
{[%clk 00:02:24]  [%emt 00:00:12]} 21. h4 {[%clk 00:02:55]  [%emt 00:00:36]}
21... Qb6 {[%clk 00:02:23]} 22. Qd2 {[%clk 00:02:40]  [%emt 00:00:07]} 22...
Nc7 {[%clk 00:02:16]  [%emt 00:00:16]} 23. Bf6 {
[%clk 00:01:49]  [%emt 00:00:49]} 23... Nb5 {[%clk 00:02:07]  [%emt 00:00:12]}
24. Red1 {[%clk 00:01:08]  [%emt 00:00:46]} 24... Na5 {
[%clk 00:01:31]  [%emt 00:00:36]} 25. Rxc8 {[%clk 00:01:00]  [%emt 00:00:14]}
25... Rxc8 {[%clk 00:01:31]  [%emt 00:00:04]} 26. Nh5 {
[%clk 00:00:38]  [%emt 00:00:22]} 26... gxh5 {[%clk 00:00:50]  [%emt 00:00:52]}
27. Qg5 {[%clk 00:00:40]  [%emt 00:00:11]} 1-0

[Event "Torneo Aficionados Sub-2000 Utiel"]
[Site "Utiel, Spain"]
[Date "2018.08.26"]
[Round "1.3"]
[White "Bonilla Adan, Miguel Angel"]
[Black "Carbonell Sancho, Marc"]
[Result "0-1"]
[WhiteElo "1643"]
[BlackElo "1981"]
[PlyCount "34"]
[EventDate "2018.??.??"]

1. e4 {[%clk 00:07:05]} 1... c5 {[%clk 00:07:05]  [%emt 00:00:07]} 2. Nc3 {
[%clk 00:07:06]  [%emt 00:00:04]} 2... d6 {[%clk 00:07:06]} 3. f4 {
[%clk 00:07:07]} 3... Nc6 {[%clk 00:07:08]} 4. Nf3 {
[%clk 00:07:08]  [%emt 00:00:04]} 4... g6 {[%clk 00:07:09]} 5. d3 {
[%clk 00:07:09]  [%emt 00:00:12]} 5... Bg7 {[%clk 00:07:10]} 6. Be2 {
[%clk 00:07:09]} 6... e6 {[%clk 00:07:10]} 7. Be3 {
[%clk 00:07:08]  [%emt 00:00:13]} 7... Nge7 {[%clk 00:07:11]} 8. O-O {
[%clk 00:07:07]  [%emt 00:00:04]} 8... O-O {[%clk 00:07:10]} 9. Rb1 {
[%clk 00:07:07]} 9... b6 {[%clk 00:06:59]  [%emt 00:00:12]} 10. a3 {
[%clk 00:07:03]  [%emt 00:00:07]} 10... d5 {[%clk 00:06:52]  [%emt 00:00:10]}
11. exd5 {[%clk 00:06:46]  [%emt 00:00:24]} 11... exd5 {[%clk 00:06:53]} 12.
Bd2 {[%clk 00:06:40]  [%emt 00:00:06]} 12... Bb7 {
[%clk 00:06:48]  [%emt 00:00:09]} 13. Qc1 {[%clk 00:06:23]  [%emt 00:00:20]}
13... Nf5 {[%clk 00:06:10]  [%emt 00:00:41]} 14. Re1 {
[%clk 00:05:51]  [%emt 00:00:35]} 14... Ncd4 {[%clk 00:05:53]  [%emt 00:00:20]}
15. Nxd4 {[%clk 00:04:50]  [%emt 00:01:05]} 15... Bxd4+ {
[%clk 00:05:53]  [%emt 00:00:05]} 16. Kh1 {[%clk 00:04:49]  [%emt 00:00:09]}
16... Qh4 {[%clk 00:05:52]} 17. Bf3 {[%clk 00:04:27]  [%emt 00:00:23]} 17...
Ng3# {[%clk 00:05:50]  [%emt 00:00:04]} 0-1

[Event "Torneo Aficionados Sub-2000 Utiel"]
[Site "Utiel, Spain"]
[Date "2018.08.26"]
[Round "1.4"]
[White "Gimenez Sanchis, Fco. Andres"]
[Black "Moya Garcia, Jose Virgilio"]
[Result "1-0"]
[WhiteElo "1971"]
[BlackElo "1643"]
[PlyCount "71"]
[EventDate "2018.??.??"]

1. e4 {[%clk 00:07:03]  [%emt 00:00:14]} 1... e6 {[%clk 00:07:04]} 2. d4 {
[%clk 00:07:04]} 2... d5 {[%clk 00:07:04]} 3. exd5 {[%clk 00:07:05]} 3... exd5
{[%clk 00:07:04]  [%emt 00:00:09]} 4. Nf3 {[%clk 00:07:06]} 4... Nf6 {
[%clk 00:06:57]  [%emt 00:00:07]} 5. Bd3 {[%clk 00:07:07]  [%emt 00:00:04]}
5... h6 {[%clk 00:06:50]  [%emt 00:00:13]} 6. O-O {
[%clk 00:07:07]  [%emt 00:00:08]} 6... Bd6 {[%clk 00:06:42]  [%emt 00:00:04]}
7. Re1+ {[%clk 00:07:08]} 7... Be6 {[%clk 00:06:43]  [%emt 00:00:10]} 8. c4 {
[%clk 00:07:07]  [%emt 00:00:03]} 8... c6 {[%clk 00:06:34]  [%emt 00:00:03]} 9.
cxd5 {[%clk 00:07:04]  [%emt 00:00:06]} 9... cxd5 {
[%clk 00:06:35]  [%emt 00:00:03]} 10. Nc3 {[%clk 00:06:46]  [%emt 00:00:18]}
10... O-O {[%clk 00:06:35]  [%emt 00:00:08]} 11. Nb5 {
[%clk 00:06:39]  [%emt 00:00:10]} 11... Bb4 {[%clk 00:06:08]  [%emt 00:00:49]}
12. Bd2 {[%clk 00:06:16]  [%emt 00:00:10]} 12... Bxd2 {[%clk 00:06:08]} 13.
Qxd2 {[%clk 00:06:17]} 13... a6 {[%clk 00:06:09]} 14. Nc3 {
[%clk 00:06:11]  [%emt 00:00:13]} 14... Nc6 {[%clk 00:06:01]  [%emt 00:00:09]}
15. Rac1 {[%clk 00:05:46]  [%emt 00:00:24]} 15... Rc8 {
[%clk 00:05:52]  [%emt 00:00:15]} 16. Bb1 {[%clk 00:05:39]  [%emt 00:00:13]}
16... Na5 {[%clk 00:05:26]  [%emt 00:00:31]} 17. b3 {
[%clk 00:05:22]  [%emt 00:00:13]} 17... Nc6 {[%clk 00:05:20]  [%emt 00:00:17]}
18. Ne2 {[%clk 00:05:13]  [%emt 00:00:05]} 18... Ne7 {
[%clk 00:05:13]  [%emt 00:00:12]} 19. Nf4 {[%clk 00:05:07]  [%emt 00:00:15]}
19... Rxc1 {[%clk 00:05:10]} 20. Qxc1 {[%clk 00:05:02]  [%emt 00:00:07]} 20...
Nf5 {[%clk 00:04:41]  [%emt 00:00:50]} 21. Rxe6 {
[%clk 00:04:08]  [%emt 00:00:36]} 21... fxe6 {[%clk 00:04:09]  [%emt 00:00:34]}
22. Nxe6 {[%clk 00:04:09]  [%emt 00:00:19]} 22... Qd6 {
[%clk 00:03:56]  [%emt 00:00:03]} 23. Nxf8 {[%clk 00:04:03]  [%emt 00:00:05]}
23... Kxf8 {[%clk 00:03:48]  [%emt 00:00:33]} 24. Qc8+ {
[%clk 00:03:43]  [%emt 00:00:06]} 24... Ne8 {[%clk 00:02:33]  [%emt 00:01:14]}
25. Qxf5+ {[%clk 00:03:41]  [%emt 00:00:27]} 25... Nf6 {
[%clk 00:02:25]  [%emt 00:00:07]} 26. Qc8+ {[%clk 00:03:25]  [%emt 00:00:08]}
26... Ne8 {[%clk 00:02:27]  [%emt 00:00:03]} 27. Qc5 {[%clk 00:03:21]} 27...
Ke7 {[%clk 00:02:12]  [%emt 00:00:19]} 28. Ne5 {
[%clk 00:02:57]  [%emt 00:00:24]} 28... Qxc5 {[%clk 00:01:55]  [%emt 00:00:23]}
29. dxc5 {[%clk 00:02:58]  [%emt 00:00:19]} 29... Ke6 {
[%clk 00:01:53]  [%emt 00:00:03]} 30. f4 {[%clk 00:02:54]} 30... Nf6 {
[%clk 00:01:53]} 31. Kf2 {[%clk 00:02:48]  [%emt 00:00:07]} 31... Ne4+ {
[%clk 00:01:54]} 32. Bxe4 {[%clk 00:02:48]  [%emt 00:00:04]} 32... dxe4 {
[%clk 00:01:55]} 33. Ke3 {[%clk 00:02:49]  [%emt 00:00:04]} 33... Kd5 {
[%clk 00:01:57]} 34. b4 {[%clk 00:02:47]  [%emt 00:00:10]} 34... g5 {
[%clk 00:01:49]  [%emt 00:00:04]} 35. g3 {[%clk 00:02:47]  [%emt 00:00:03]}
35... gxf4+ {[%clk 00:01:38]  [%emt 00:00:16]} 36. gxf4 {[%clk 00:02:43] 
[%emt 00:00:07]  Kc4  [%clk 00:01:31]  [%emt 00:00:06]  a3+  [%clk 00:02:31] 
[%emt 00:00:16]  Kb3  [%clk 00:01:33]  [%emt 00:00:06]  c6  [%clk 00:02:27] 
[%emt 00:00:33]  bxc6  [%clk 00:01:28]  Nxc6  [%clk 00:02:28]  [%emt 00:00:03]}
1-0

[Event "Torneo Aficionados Sub-2000 Utiel"]
[Site "Utiel, Spain"]
[Date "2018.08.26"]
[Round "1.5"]
[White "Gonzalez Gomez, Emilio"]
[Black "Perez Garcia, Juan Angel"]
[Result "0-1"]
[WhiteElo "1641"]
[BlackElo "1954"]
[PlyCount "48"]
[EventDate "2018.??.??"]

1. d4 {[%clk 00:07:03]  [%emt 00:00:17]} 1... g6 {[%clk 00:07:04]} 2. Nf3 {
[%clk 00:06:48]  [%emt 00:00:11]} 2... Bg7 {[%clk 00:07:05]} 3. c3 {
[%clk 00:06:41]  [%emt 00:00:11]} 3... c5 {[%clk 00:07:02]  [%emt 00:00:07]} 4.
dxc5 {[%clk 00:05:56]  [%emt 00:00:49]} 4... Nf6 {
[%clk 00:07:00]  [%emt 00:00:04]} 5. Bf4 {[%clk 00:05:44]  [%emt 00:00:12]}
5... O-O {[%clk 00:06:58]  [%emt 00:00:27]} 6. e3 {[%clk 00:05:42]} 6... b6 {
[%clk 00:06:57]} 7. Be2 {[%clk 00:05:22]  [%emt 00:00:34]} 7... bxc5 {
[%clk 00:06:55]  [%emt 00:00:04]} 8. O-O {[%clk 00:05:09]} 8... Nc6 {
[%clk 00:06:50]  [%emt 00:00:03]} 9. Nbd2 {[%clk 00:04:56]  [%emt 00:00:18]}
9... d6 {[%clk 00:06:49]  [%emt 00:00:03]} 10. Bb5 {
[%clk 00:04:30]  [%emt 00:00:27]} 10... Qb6 {[%clk 00:06:40]  [%emt 00:00:10]}
11. Bxc6 {[%clk 00:04:19]  [%emt 00:00:13]} 11... Qxc6 {
[%clk 00:06:41]  [%emt 00:00:15]} 12. Rb1 {[%clk 00:03:54]  [%emt 00:00:16]}
12... Be6 {[%clk 00:06:39]  [%emt 00:00:10]} 13. b3 {
[%clk 00:03:35]  [%emt 00:00:26]} 13... Nd5 {[%clk 00:06:35]  [%emt 00:00:19]}
14. c4 {[%clk 00:02:50]  [%emt 00:00:26]} 14... Nc3 {
[%clk 00:06:32]  [%emt 00:00:07]} 15. Qc2 {[%clk 00:02:51]} 15... Nxb1 {
[%clk 00:06:30]  [%emt 00:00:17]} 16. Qxb1 {[%clk 00:02:52]} 16... a5 {
[%clk 00:06:24]  [%emt 00:00:07]} 17. e4 {[%clk 00:02:26]  [%emt 00:00:23]}
17... a4 {[%clk 00:06:20]  [%emt 00:00:21]} 18. e5 {
[%clk 00:02:20]  [%emt 00:00:07]} 18... axb3 {[%clk 00:06:00]  [%emt 00:00:12]}
19. axb3 {[%clk 00:01:44]  [%emt 00:00:39]} 19... Bf5 {
[%clk 00:05:40]  [%emt 00:00:25]} 20. Qd1 {[%clk 00:01:37]  [%emt 00:00:07]}
20... Ra1 {[%clk 00:05:18]  [%emt 00:00:26]} 21. Qe2 {
[%clk 00:01:25]  [%emt 00:00:17]} 21... Rxf1+ {[%clk 00:05:17]  [%emt 00:00:04]
} 22. Kxf1 {[%clk 00:01:26]  [%emt 00:00:03]} 22... dxe5 {
[%clk 00:05:16]  [%emt 00:00:03]} 23. Bxe5 {[%clk 00:01:12]  [%emt 00:00:14]}
23... Ra8 {[%clk 00:05:09]  [%emt 00:00:23]} 24. g3 {
[%clk 00:00:40]  [%emt 00:00:22]} 24... Bh3+ {[%emt 00:00:49]} 0-1

[Event "Torneo Aficionados Sub-2000 Utiel"]
[Site "Utiel, Spain"]
[Date "2018.08.27"]
[Round "2.1"]
[White "Capella Gimenez, Jose M"]
[Black "Buenafe Moya, Jesus"]
[Result "1-0"]
[WhiteElo "1997"]
[BlackElo "1848"]
[PlyCount "52"]

1. d4 {[%clk 00:07:00] [%emt 00:00:10]} 1... Nf6 {[%clk 00:07:03]} 2. c4 {
[%clk 00:07:01] [%emt 00:00:03]} 2... c5 {[%clk 00:07:05]} 3. d5 {
[%clk 00:07:02] [%emt 00:00:07]} 3... b5 {[%clk 00:07:06]} 4. cxb5 {
[%clk 00:07:04]} 4... Qb6 {[%clk 00:07:08]} 5. Nc3 {
[%clk 00:07:00] [%emt 00:00:08]} 5... a6 {[%clk 00:06:45] [%emt 00:00:25]} 6.
bxa6 {[%clk 00:07:00] [%emt 00:00:04]} 6... Nxa6 {[%clk 00:06:47]} 7. g3 {
[%clk 00:06:53] [%emt 00:00:07]} 7... Bb7 {[%clk 00:06:40] [%emt 00:00:08]} 8.
Bg2 {[%clk 00:06:55]} 8... Nb4 {[%clk 00:06:10] [%emt 00:00:35]} 9. e4 {
[%clk 00:06:20] [%emt 00:00:38]} 9... e6 {[%clk 00:05:20] [%emt 00:00:52]} 10.
Nge2 {[%clk 00:04:53] [%emt 00:01:30]} 10... exd5 {
[%clk 00:04:55] [%emt 00:00:28]} 11. exd5 {[%clk 00:04:47] [%emt 00:00:12]}
11... Be7 {[%clk 00:03:15] [%emt 00:02:09]} 12. O-O {[%clk 00:04:47]} 12... O-O
{[%clk 00:03:16]} 13. a3 {[%clk 00:04:32] [%emt 00:00:04]} 13... d6 {
[%clk 00:02:49] [%emt 00:00:23]} 14. Bg5 {[%clk 00:04:12] [%emt 00:00:19]}
14... Na6 {[%clk 00:02:39] [%emt 00:00:33]} 15. Qc2 {
[%clk 00:03:50] [%emt 00:00:10]} 15... Nc7 {[%clk 00:02:33] [%emt 00:00:08]}
16. Rfd1 {[%clk 00:03:52] [%emt 00:00:04]} 16... h6 {[%clk 00:02:34]} 17. Bf4 {
[%clk 00:03:45] [%emt 00:00:09]} 17... Rfe8 {[%clk 00:02:07] [%emt 00:00:28]}
18. Rab1 {[%clk 00:03:37] [%emt 00:00:37]} 18... Nb5 {
[%clk 00:01:54] [%emt 00:00:03]} 19. Nxb5 {[%clk 00:03:25] [%emt 00:00:03]}
19... Qxb5 {[%clk 00:01:56] [%emt 00:00:04]} 20. Nc3 {[%emt 00:00:07]} 20...
Qd7 {[%clk 00:01:43] [%emt 00:00:08]} 21. Bf1 {[%clk 00:03:11] [%emt 00:00:16]}
21... Ba6 {[%clk 00:01:43] [%emt 00:00:28]} 22. Bxa6 {
[%clk 00:02:55] [%emt 00:00:08]} 22... Rxa6 {[%clk 00:01:45]} 23. Kg2 {
[%clk 00:02:29] [%emt 00:00:19]} 23... Nh5 {[%clk 00:01:43] [%emt 00:00:11]}
24. Be3 {[%clk 00:02:14] [%emt 00:00:33]} 24... Bg5 {
[%clk 00:01:29] [%emt 00:00:03]} 25. Qe2 {[%clk 00:01:54] [%emt 00:00:12]}
25... Bxe3 {[%clk 00:00:36] [%emt 00:00:58]} 26. fxe3 {
[%clk 00:01:37] [%emt 00:00:41]} 26... Qf5 {[%clk 00:00:21]} 1-0

]} 26... Qf5 {[%clk 00:00:21]} 1-0

[Event "Torneo Aficionados Sub-2000 Utiel"]
[Site "Utiel, Spain"]
[Date "2018.08.27"]
[Round "2.2"]
[White "Perez Perez, Eugenio"]
[Black "Arance Gonzalez, Luis"]
[Result "1-0"]
[WhiteElo "1844"]
[BlackElo "1990"]
[PlyCount "81"]

1. b3 {[%clk 00:07:02] [%emt 00:00:11]} 1... e5 {
[%clk 00:06:58] [%emt 00:00:03]} 2. Bb2 {[%clk 00:07:01] [%emt 00:00:05]} 2...
Nc6 {[%clk 00:06:42] [%emt 00:00:16]} 3. e3 {[%clk 00:06:54] [%emt 00:00:34]}
3... Nf6 {[%clk 00:06:41]} 4. Be2 {[%clk 00:06:52] [%emt 00:00:07]} 4... Be7 {
[%clk 00:06:32]} 5. Nf3 {[%clk 00:06:38] [%emt 00:00:10]} 5... d6 {
[%clk 00:06:34] [%emt 00:00:04]} 6. O-O {[%clk 00:06:38] [%emt 00:00:03]} 6...
O-O {[%clk 00:06:35]} 7. c4 {[%clk 00:06:32] [%emt 00:00:05]} 7... Bg4 {
[%clk 00:06:14] [%emt 00:00:27]} 8. d4 {[%clk 00:06:04] [%emt 00:00:29]} 8...
exd4 {[%clk 00:05:39] [%emt 00:00:44]} 9. Nxd4 {[%clk 00:06:02] [%emt 00:00:08]
} 9... Bxe2 {[%clk 00:05:07] [%emt 00:00:26]} 10. Qxe2 {
[%clk 00:06:01] [%emt 00:00:17]} 10... Nxd4 {[%clk 00:05:05] [%emt 00:00:09]}
11. exd4 {[%clk 00:05:52]} 11... d5 {[%clk 00:04:56] [%emt 00:00:10]} 12. Qd3 {
[%clk 00:05:47] [%emt 00:00:07]} 12... c6 {[%clk 00:04:25] [%emt 00:00:42]} 13.
Nd2 {[%clk 00:05:27] [%emt 00:00:12]} 13... Bd6 {
[%clk 00:04:18] [%emt 00:00:10]} 14. c5 {[%clk 00:05:17] [%emt 00:00:30]} 14...
Bc7 {[%clk 00:04:19] [%emt 00:00:17]} 15. Nf3 {[%clk 00:05:18]} 15... Re8 {
[%clk 00:04:16]} 16. Rfe1 {[%clk 00:05:11]} 16... Ne4 {
[%clk 00:03:46] [%emt 00:00:20]} 17. Re2 {[%clk 00:04:53] [%emt 00:00:25]}
17... f6 {[%clk 00:03:11] [%emt 00:00:33]} 18. b4 {
[%clk 00:04:29] [%emt 00:00:31]} 18... Qd7 {[%clk 00:03:12] [%emt 00:00:03]}
19. Rae1 {[%clk 00:04:25] [%emt 00:00:05]} 19... g6 {
[%clk 00:02:34] [%emt 00:00:37]} 20. Nd2 {[%clk 00:04:20] [%emt 00:00:08]}
20... Nxd2 {[%clk 00:02:28] [%emt 00:00:13]} 21. Qxd2 {
[%clk 00:04:10] [%emt 00:00:12]} 21... Rxe2 {[%clk 00:02:27] [%emt 00:00:04]}
22. Qxe2 {[%clk 00:04:10] [%emt 00:00:11]} 22... Kf7 {
[%clk 00:02:28] [%emt 00:00:04]} 23. g3 {[%clk 00:03:48] [%emt 00:00:14]} 23...
Re8 {[%clk 00:02:29] [%emt 00:00:07]} 24. Qxe8+ Qxe8 {[%clk 00:02:31]} 25. Rxe8
{[%clk 00:03:50]} 25... Kxe8 {[%clk 00:02:33]} 26. a4 {
[%clk 00:03:45] [%emt 00:00:11]} 26... Kf7 {[%clk 00:02:31]} 27. f4 {
[%clk 00:03:42] [%emt 00:00:09]} 27... Ke6 {[%clk 00:02:32] [%emt 00:00:04]}
28. Kf2 {[%clk 00:03:40]} 28... Kf5 {[%clk 00:02:33] [%emt 00:00:17]} 29. Kf3 {
[%clk 00:03:42]} 29... h5 {[%clk 00:02:30] [%emt 00:00:04]} 30. h3 {
[%clk 00:03:43]} 30... b6 {[%clk 00:02:20] [%emt 00:00:04]} 31. b5 {
[%clk 00:03:33] [%emt 00:00:10]} 31... bxc5 {[%clk 00:01:25] [%emt 00:00:57]}
32. dxc5 {[%clk 00:03:32] [%emt 00:00:08]} 32... cxb5 {
[%clk 00:01:19] [%emt 00:00:07]} 33. axb5 {[%clk 00:03:33] [%emt 00:00:08]}
33... Ke6 {[%clk 00:01:21] [%emt 00:00:19]} 34. Bd4 {
[%clk 00:03:25] [%emt 00:00:05]} 34... Bb8 {[%clk 00:00:36] [%emt 00:00:28]}
35. g4 {[%clk 00:02:51] [%emt 00:00:40]} 35... hxg4+ {
[%clk 00:00:37] [%emt 00:00:05]} 36. hxg4 {[%clk 00:02:52]} 36... f5 {
[%clk 00:00:19] [%emt 00:00:19]} 37. g5 {[%clk 00:02:36] [%emt 00:00:36]} 37...
Kd7 {[%clk 00:00:17] [%emt 00:00:05]} 38. Be5 {[%clk 00:02:22] [%emt 00:00:17]}
38... Bxe5 {[%clk 00:00:05] [%emt 00:00:07]} 39. fxe5 {[%clk 00:02:24]} 39...
Kc7 {[%clk 00:00:06]} 40. e6 {[%clk 00:02:24]} 40... Kd8 {
[%clk 00:00:08] [%emt 00:00:08]} 41. b6 {[%emt 00:00:30]} 1-0

00:00:08]  [%emt 00:00:08]} 41. b6 {[%emt 00:00:30]} 1-0